Stiching to Dye in Quilt Art Colour,Texture and Distortion (Record no. 5072)

MARC details
000 -LEADER
fixed length control field 00340nam a2200133Ia 4500
008 - FIXED-LENGTH DATA ELEMENTS--GENERAL INFORMATION
fixed length control field 220524s9999 xx 000 0 und d
041 ## - LANGUAGE CODE
Language code of text/sound track or separate title eng
082 ## - DEWEY DECIMAL CLASSIFICATION NUMBER
Classification number 746.1
100 ## - MAIN ENTRY--PERSONAL NAME
Personal name Barnes C June
9 (RLIN) 2881
245 ## - TITLE STATEMENT
Title Stiching to Dye in Quilt Art Colour,Texture and Distortion
260 ## - PUBLICATION, DISTRIBUTION, ETC. (IMPRINT)
Name of publisher, distributor, etc. Batsford,London
650 ## - SUBJECT ADDED ENTRY--TOPICAL TERM
Topical term or geographic name as entry element Dyeing
9 (RLIN) 2882
906 ## - LOCAL DATA ELEMENT F, LDF (RLIN)
a 341
Holdings
Withdrawn status Lost status Damaged status Not for loan Home library Current library Date acquired Cost, normal purchase price Total Checkouts Full call number Barcode Date last seen Cost, replacement price Bill Date Koha item type Original Barcode
        School of Fashion Technology School of Fashion Technology 05/12/2000 1278.41   746.1 SOFT-BK-340 08/07/2022 1278.41 08/07/2022 Books 000340